Engineering Optimization : An Introduction with Metaheuristic Applications
Salvato in:
| Autore principale: | |
|---|---|
| Natura: | Libro |
| Lingua: | inglese |
| Pubblicazione: |
Hoboken :
John Wiley & Sons, Inc.,
2010
|
| Soggetti: | |
| Tags: |
Nessun Tag, puoi essere il primo ad aggiungerne!!
|
MARC
| LEADER | 00000nam a22000003a 4500 | ||
|---|---|---|---|
| 001 | stu250807 | ||
| 005 | 20190206124635.1 | ||
| 008 | 120717s--------xxu-----------------eng-d | ||
| 020 | |a 978-0-470-58246-6 | ||
| 040 | |a STU |b slo | ||
| 041 | 0 | |a eng | |
| 044 | |a xxu | ||
| 100 | 1 | |a Yang, Xin-She |4 aut | |
| 245 | 1 | |a Engineering Optimization : |b An Introduction with Metaheuristic Applications | |
| 260 | |a Hoboken : |b John Wiley & Sons, Inc., |c 2010 | ||
| 300 | |a 347 s | ||
| 650 | 7 | |a heuristické programovanie |2 stusub | |
| 650 | 7 | |a matematická optimalizácia |2 stusub | |
| 650 | 7 | |a inžinierska matematika |2 stusub | |
| 996 | |b I6625 |c I6625 |l II680 |s A |a 24 |w stu250807_0001 | ||